Úloha lídrov pri stanovovaní obsahu a spôsobu výkonu práce ich podriadených bakalárska práca

Guardado en:
Detalles Bibliográficos
Autor principal: Viteková, Jana
Autor Corporativo: Fakulta podnikového manažmentu EU. Katedra manažmentu
Otros Autores: Tarišková, Natália, 1973-
Formato: Libro
Lenguaje:eslovaco
Publicado: Bratislava 2012
Etiquetas: Agregar Etiqueta
Sin Etiquetas, Sea el primero en etiquetar este registro!

MARC

LEADER 00000nbm a2200000 4500
001 0153924
005 20161109111815.1
041 0 |a slo 
044 |a SK 
245 1 0 |a Úloha lídrov pri stanovovaní obsahu a spôsobu výkonu práce ich podriadených  |b bakalárska práca  |c Jana Viteková ; školiteľ: Natália Tarišková 
264 1 |a Bratislava  |c 2012 
300 |a 49 s. 
100 1 |a Viteková, Jana 
700 1 |a Tarišková, Natália, 1973- 
710 2 |a Fakulta podnikového manažmentu EU. Katedra manažmentu